Statistics for Country Names Unscrambled and sometimes Beheaded #3

Click here to take the quiz!

General Stats

  • This quiz has been taken 44 times
  • The average score is 15 of 19

Answer Stats

LettersCountry% Correct
aajnpJapan
95%
achinChina
92%
aaqrtQatar
89%
aadnwRwanda
84%
abilyLibya
84%
beinnBenin
84%
aluuvTuvalu
82%
ekruyTurkey
79%
aglnoAngola
79%
anruuNauru
76%
ceioxMexico
76%
aaitvLatvia
76%
ailrzBrazil
76%
aanuyGuyana
74%
aelrsIsrael
71%
ahntuBhutan
68%
acnooMonaco
68%
prsuyCyprus
66%
aeinuGuinea
63%

Score Distribution

Percentile by Number Answered

Percent of People with Each Score

Your Score History

You have not taken this quiz